000 00330nam a2200157Ia 4500
001 8909
003 GE_BSU
008 181216s||||||||xx |||||||||||||| ||und||
040 _cGE_BSU
245 _aLe Point №2160. 6 fevrier 2014.
260 _aParis
260 _c2014
300 _a98p.27cm.
653 _aLe Point
942 _cCR
999 _c42216
_d42216